Digital marketing (Record no. 4959)

MARC details
000 -CABECERA
campo de control de longitud fija 02268nam a22002654i 4500
001 - NÚMERO DE CONTROL
campo de control 991061425871506706
005 - FECHA Y HORA DE LA ÚLTIMA TRANSACCIÓN
campo de control 20260512130658.0
008 - DATOS DE LONGITUD FIJA--INFORMACIÓN GENERAL
campo de control de longitud fija 250825s2025 xxka|||| |||||0|| 0 eng|c
020 ## - NÚMERO INTERNACIONAL ESTÁNDAR DEL LIBRO
Número Internacional Estándar del Libro 9781292738086
040 ## - FUENTE DE LA CATALOGACIÓN
Centro catalogador/agencia de origen ES-BaUB
Lengua de catalogación English
Normas de descripción rda
Centro/agencia transcriptor ES-BaUB
041 ## - CÓDIGO DE LENGUA
Código de lengua del texto/banda sonora o título independiente English
100 ## - ENTRADA PRINCIPAL--NOMBRE DE PERSONA
Nombre de persona Chaffey, Dave
Fechas asociadas al nombre 1963-
Término indicativo de función/relación author
245 10 - MENCIÓN DE TÍTULO
Título Digital marketing
Mención de responsabilidad, etc. / Dave Chaffey, Fiona Ellis-Chadwick with Majd Abedrabbo
250 ## - MENCIÓN DE EDICIÓN
Mención de edición Ninth edition
264 #1 - PRODUCCIÓN, PUBLICACIÓN, DISTRIBUCIÓN, FABRICACIÓN Y COPYRIGHT
Producción, publicación, distribución, fabricación y copyright Harlow, England :
Nombre del de productor, editor, distribuidor, fabricante Pearson Education Limited,
Fecha de producción, publicación, distribución, fabricación o copyright 2025
300 ## - DESCRIPCIÓN FÍSICA
Extensión xxvii, 548 pages:
Otras características físicas illustrations in color ;
Dimensiones 27 cm
500 ## - NOTA GENERAL
Nota general Title in previous editions: "Internet Marketing: Strategy, Implementation and Practice" and "Digital Marketing: Strategy, Implementation and Practice".
504 ## - NOTA DE BIBLIOGRAFÍA, ETC.
Nota de bibliografía, etc. Inclou referències bibliogràfiques, índex i glossari
505 ## - NOTA DE CONTENIDO CON FORMATO
Nota de contenido con formato Part 1 — Digital marketing fundamentals<br/>— Introducing digital marketing<br/>— Online marketplace analysis: micro-environment<br/>— Digital customer behaviour<br/><br/>Part 2 — Digital marketing strategy development<br/>— Digital marketing strategy<br/>— Digital branding and the marketing mix<br/>— Data-driven relationship marketing using digital platforms<br/><br/>Part 3 — Digital marketing: implementation and practice<br/>— Delivering the digital customer experience<br/>— Campaign planning for digital media<br/>— Marketing communications using digital media channels<br/>— Evaluation and improvement of digital channel performance.
520 ## - SUMARIO, ETC.
Sumario, etc. Explore how to create effective digital marketing strategies with this student-focused textbook. Digital Marketing by Chaffey and Ellis-Chadwick is a comprehensive guide that bridges theory and practice. Learn how digital data and analytics transform communication, personalize marketing, and consider privacy and security. This book combines academic models and practical skills to prepare you for the digital marketing world. Gain insights into how to assess using generative AI tools in marketing for impact.<br/><br/>This edition includes a Companion Website: https://media.pearsoncmg.com/intl/ema/ema_uk_he_chaffey_digmark_9/cw/index.php
650 #0 - PUNTO DE ACCESO ADICIONAL DE MATERIA--TÉRMINO DE MATERIA
Término de materia o nombre geográfico como elemento de entrada Digital Marketing
9 (RLIN) 25727
700 ## - ENTRADA AGREGADA--NOMBRE PERSONAL
Nombre de persona Ellis-Chadwick, Fiona
Término indicativo de función/relación author
9 (RLIN) 21683
700 ## - ENTRADA AGREGADA--NOMBRE PERSONAL
Nombre de persona Abedrabbo, Majd,
Término indicativo de función/relación author
9 (RLIN) 25911
942 ## - ELEMENTOS DE ENTRADA AGREGADA (KOHA)
Fuente del sistema de clasificación o colocación Clasificación de Library of Congress
Holdings
Estado de retiro Estado de pérdida Fuente del sistema de clasificación o colocación Estado dañado No para préstamo Biblioteca de origen Biblioteca actual Fecha de adquisición Total de préstamos Signatura topográfica completa Código de barras Fecha de vencimiento Fecha visto por última vez Fecha del último préstamo Número de copia Precio válido a partir de Tipo de ítem Koha
    Clasificación de Library of Congress     TBS Barcelona TBS Barcelona 17/09/2025 1 HF5415.1265 CHA B07706 11/12/2025 11/11/2025 11/11/2025 1 17/09/2025 Book

Powered by Koha